[Event "Portuguese Honra"]
[Site "Fatima"]
[Date "2021.04.11"]
[Round "8"]
[White "Morais, Vitor Mestre"]
[Black "Santos, Ruben Jose Melo"]
[Result "1/2-1/2"]
[WhiteElo "1904"]
[BlackElo "1759"]
[PlyCount "137"]
[EventDate "2021.04.06"]
[EventType "tourn"]
[EventRounds "9"]
[EventCountry "POR"]
[SourceTitle "CBM 201 Extra"]
[Source "ChessBase"]
[SourceDate "2021.05.31"]
[SourceVersion "1"]
[SourceVersionDate "2021.05.31"]
[SourceQuality "1"]

1. c4 c5 2. Nc3 Nc6 3. g3 g6 4. Bg2 Bg7 5. e3 f5 6. Nge2 Nf6 7. d4 cxd4 8. Nxd4 Nxd4 9. Qxd4 0-0 10. Qd3 Rb8 11. 0-0 b6 12. Rb1 Bb7 13. Bxb7 Rxb7 14. b3 e6 15. Ba3 Rf7 16. Rbd1 Bf8 17. Bb2 Ng4 18. f3 Nxe3 19. Qxe3 Bc5 20. Rd4 Qc7 21. Na4 e5 22. Nxc5 exd4 23. Bxd4 bxc5 24. Bxc5 d6 25. Qe8+ Kg7 26. Bd4+ Kh6 27. Qe3+ f4 28. gxf4 Rf5 29. Qf2 Qf7 30. Kh1 a5 31. Be3 Kg7 32. Qd2 d5 33. c5 Qd7 34. Qc3+ Kh6 35. c6 Qc8 36. Rc1 Re7 37. Rg1 Qe6 38. Bd2 Qd6 39. Rg3 d4 40. Qd3 Rc7 41. Be3 Rxc6 42. Qxd4 Qxd4 43. Bxd4 Rc1+ 44. Rg1 Rxg1+ 45. Kxg1 Kh5 46. Be3 g5 47. fxg5 Rxf3 48. Bd2 Rf5 49. a4 Kg4 50. Kg2 Rd5 51. Be1 Kxg5 52. b4 Rd1 53. Kf2 axb4 54. Bxb4 Ra1 55. a5 Kg4 56. Ke3 Ra4 57. Bc3 Kh3 58. Kd3 Kxh2 59. Kc2 h5 60. Kb3 Re4 61. Bb4 Re6 62. Ka4 h4 63. Kb5 Kg1 64. a6 h3 65. a7 Re8 66. Bd6 Ra8 67. Kb6 Rxa7 68. Kxa7 h2 69. Bxh2+ 1/2-1/2

[Event "Portuguese Honra"]
[Site "Fatima"]
[Date "2021.04.10"]
[Round "6"]
[White "Barrento, Jorge Maria Lopes"]
[Black "Santos, Ruben Jose Melo"]
[Result "0-1"]
[WhiteElo "1724"]
[BlackElo "1759"]
[PlyCount "110"]
[EventDate "2021.04.06"]
[EventType "tourn"]
[EventRounds "9"]
[EventCountry "POR"]
[SourceTitle "CBM 201 Extra"]
[Source "ChessBase"]
[SourceDate "2021.05.31"]
[SourceVersion "1"]
[SourceVersionDate "2021.05.31"]
[SourceQuality "1"]

1. d4 d5 2. Nf3 Bg4 3. Ne5 Bf5 4. c4 e6 5. Qa4+ c6 6. Nc3 Bd6 7. e3 Ne7 8. g4 Bg6 9. h4 f6 10. Nxg6 hxg6 11. Bg2 Nd7 12. cxd5 exd5 13. e4 dxe4 14. Nxe4 Nb6 15. Nxd6+ Qxd6 16. Qc2 0-0-0 17. g5 Qxd4 18. Be3 Qb4+ 19. Bd2 Qc4 20. Qxc4 Nxc4 21. Bc3 fxg5 22. Bxg7 Rxh4 23. Rxh4 gxh4 24. Bf6 Re8 25. 0-0-0 Kc7 26. Re1 Kd7 27. Bxh4 Nf5 28. Rxe8 Kxe8 29. Bf6 Kf7 30. Bd8 Ne5 31. Bf1 Ng4 32. f4 Nge3 33. Bh3 Ke6 34. Bc7 Kd5 35. b3 Ke4 36. Bb8 a6 37. Kd2 Kf3 38. Kd3 Nd5 39. Kc4 Nxf4 40. Bxf4 Kxf4 41. Kc5 Kg3 42. Bf1 Ne3 43. Bd3 g5 44. Kb6 Kf2 45. Kxb7 g4 46. Be4 g3 47. Kxa6 Nf5 48. a4 Nd4 49. Bh1 c5 50. a5 Nxb3 51. Kb5 Nxa5 52. Kxa5 Ke3 53. Ka4 Kd3 54. Bg2 c4 55. Bf1+ Kd2 0-1

[Event "Portuguese Honra"]
[Site "Fatima"]
[Date "2021.04.06"]
[Round "1"]
[White "Pina, Tiago Miguel Catala"]
[Black "Santos, Ruben Jose Melo"]
[Result "0-1"]
[WhiteElo "1843"]
[BlackElo "1759"]
[PlyCount "94"]
[EventDate "2021.04.06"]
[EventType "tourn"]
[EventRounds "9"]
[EventCountry "POR"]
[SourceTitle "CBM 201 Extra"]
[Source "ChessBase"]
[SourceDate "2021.05.31"]
[SourceVersion "1"]
[SourceVersionDate "2021.05.31"]
[SourceQuality "1"]

1. e4 c6 2. d4 d5 3. e5 c5 4. dxc5 Nc6 5. Nf3 Bg4 6. Bf4 e6 7. Bd3 Bxc5 8. 0-0 Nge7 9. h3 Bh5 10. c3 Ng6 11. Bxg6 Bxg6 12. Nbd2 0-0 13. Nb3 Bb6 14. Re1 Qc7 15. Be3 Be4 16. Bxb6 axb6 17. Nfd4 Nxe5 18. f3 Bg6 19. Nb5 Qb8 20. Qd4 Nc4 21. Re2 Qd8 22. f4 Ra6 23. Qd1 Qh4 24. Rf2 Be4 25. Qe2 f5 26. N3d4 Rf6 27. b3 e5 28. bxc4 exd4 29. cxd4 Rg6 30. Rf3 h6 31. Nc7 Ra5 32. Nxd5 Kh7 33. Raf1 Bxf3 34. Rxf3 Qd8 35. Re3 b5 36. Re8 Rxa2 37. Rh8+ Kxh8 38. Qxa2 bxc4 39. Qxc4 Rc6 40. Qb5 Rd6 41. Ne3 Rxd4 42. Nxf5 Rd5 43. Qxb7 Rxf5 44. Qe4 Rd5 45. Kh2 Rd2 46. Qg6 Rd4 47. f5 Qd6+ 0-1

[Event "Oeiras Honra"]
[Site "Oeiras"]
[Date "2019.08.18"]
[Round "8"]
[White "Santos, Ruben Jose Melo"]
[Black "Correia, Pedro Mourao Soares"]
[Result "1-0"]
[WhiteElo "1722"]
[BlackElo "1525"]
[PlyCount "101"]
[EventDate "2019.08.13"]
[EventType "tourn"]
[EventRounds "9"]
[EventCountry "POR"]
[SourceTitle "EXT 2020"]
[Source "ChessBase"]
[SourceDate "2019.10.17"]
[SourceVersion "1"]
[SourceVersionDate "2019.10.17"]
[SourceQuality "1"]

1. a3 e5 2. e3 Nc6 3. b4 g6 4. Bb2 Bg7 5. Nf3 a6 6. c4 d6 7. Nc3 Nf6 8. Qc2 0-0 9. 0-0-0 d5 10. h4 Bg4 11. Be2 dxc4 12. Bxc4 Qe7 13. Be2 Rfd8 14. Ng5 Bxe2 15. Nxe2 h6 16. Nf3 Rd6 17. Ng3 e4 18. Ne1 Rad8 19. h5 Qe6 20. hxg6 fxg6 21. f3 Nxb4 22. axb4 Rc6 23. Bc3 Qc4 24. Bxf6 Qxb4 25. Bc3 Qa3+ 26. Qb2 Qxb2+ 27. Kxb2 Rb6+ 28. Kc2 Rc6 29. Nxe4 b5 30. Rb1 Rd5 31. Nd3 a5 32. Rhc1 Rh5 33. Kd1 b4 34. Bxg7 Rxc1+ 35. Nxc1 Kxg7 36. Kc2 Rh2 37. g3 g5 38. Kb3 Rh1 39. Ka4 Rg1 40. Kxa5 c5 41. Kb5 h5 42. Kxc5 h4 43. gxh4 gxh4 44. Ra1 h3 45. Ra7+ Kg6 46. Ne2 h2 47. Nf4+ Kh6 48. Nf2 Rc1+ 49. Kxb4 Rb1+ 50. Kc3 h1Q 51. Nxh1 1-0

[Event "Lisbon Portugal rapid op"]
[Site "Lisbon"]
[Date "2019.02.10"]
[Round "1"]
[White "Bartel, Michal"]
[Black "Santos, Ruben Jose Melo"]
[Result "1-0"]
[WhiteElo "2306"]
[BlackElo "1721"]
[PlyCount "77"]
[EventDate "2019.02.10"]
[EventType "swiss (rapid)"]
[EventRounds "8"]
[EventCountry "POR"]
[SourceTitle "CBM 188 Extra"]
[Source "ChessBase"]
[SourceDate "2019.02.26"]
[SourceVersion "1"]
[SourceVersionDate "2019.02.26"]
[SourceQuality "1"]

1. e4 e6 2. d4 d5 3. Nc3 Bb4 4. e5 Ne7 5. a3 Bxc3+ 6. bxc3 Bd7 7. a4 b6 8. h4 c5 9. h5 c4 10. Qg4 Rg8 11. Nh3 h6 12. Nf4 Nbc6 13. Rh3 Qc7 14. Rf3 0-0-0 15. Ne2 Nf5 16. Qh3 Rdf8 17. Ba3 Nfe7 18. Qh4 Be8 19. g3 g5 20. hxg6 Rxg6 21. Bh3 Rh8 22. Nf4 Rgg8 23. Qf6 Kb7 24. Kd2 Rh7 25. a5 b5 26. a6+ Ka8 27. Rb1 b4 28. Bxb4 Nxb4 29. Rxb4 Nc6 30. Rb7 Qa5 31. Nxe6 Rg6 32. Nc7+ Qxc7 33. Rxc7 Rxf6 34. Rc8+ Nb8 35. Rxf6 Bb5 36. Bg2 Bxa6 37. Rxa6 Kb7 38. Rxb8+ Kxa6 39. Bxd5 1-0

[Event "POR-ch U20"]
[Site "Luso"]
[Date "2018.03.27"]
[Round "5"]
[White "Santos, Ruben Jose Melo"]
[Black "Marques, Marcelo Felipe Sant"]
[Result "1-0"]
[WhiteElo "1680"]
[BlackElo "1364"]
[PlyCount "101"]
[EventDate "2018.03.24"]
[EventType "swiss"]
[EventRounds "7"]
[EventCountry "POR"]
[SourceTitle "EXT 2019"]
[Source "ChessBase"]
[SourceDate "2018.10.10"]
[SourceVersion "1"]
[SourceVersionDate "2018.10.10"]
[SourceQuality "1"]

1. a3 e5 2. e3 Nc6 3. d4 exd4 4. exd4 d5 5. Bf4 Nf6 6. Bb5 Bd7 7. Ne2 a6 8. Ba4 Be7 9. Nd2 0-0 10. Nf3 Re8 11. Qd3 Ne4 12. Bxc6 Bxc6 13. Ne5 Bb5 14. c4 Bxc4 15. Nxc4 dxc4 16. Qxc4 Bd6 17. Bxd6 Qxd6 18. f3 b5 19. Qc2 Nf6 20. Kf2 Rac8 21. Rad1 Nd5 22. Rd3 Nf4 23. Nxf4 Qxf4 24. Qc6 Qd6 25. Rc1 Re6 26. d5 Qxc6 27. Rxc6 Rxc6 28. dxc6 Kf8 29. Rd7 Ke8 30. Ke2 Rd8 31. Rxc7 Rd6 32. Rc8+ Rd8 33. Rc7 Rd6 34. Ke3 Re6+ 35. Kd4 Re2 36. Kc5 Rxg2 37. Kb6 Rxh2 38. Rc8+ Ke7 39. c7 Rc2 40. Rd8 h5 41. c8Q Rxc8 42. Rxc8 h4 43. Kxa6 Kf6 44. Kxb5 g5 45. a4 Kf5 46. a5 h3 47. a6 Kf4 48. a7 h2 49. Rh8 Kg3 50. a8Q Kg2 51. f4+ 1-0

[Event "POR-ch U20"]
[Site "Luso"]
[Date "2018.03.24"]
[Round "1"]
[White "Fidalgo, Andre Neves"]
[Black "Santos, Ruben Jose Melo"]
[Result "1-0"]
[WhiteElo "2243"]
[BlackElo "1680"]
[PlyCount "89"]
[EventDate "2018.03.24"]
[EventType "swiss"]
[EventRounds "7"]
[EventCountry "POR"]
[SourceTitle "EXT 2019"]
[Source "ChessBase"]
[SourceDate "2018.10.10"]
[SourceVersion "1"]
[SourceVersionDate "2018.10.10"]
[SourceQuality "1"]

1. d4 d5 2. c4 e6 3. Nf3 Nf6 4. g3 Be7 5. Bg2 c6 6. 0-0 Nbd7 7. Qc2 0-0 8. Nbd2 b6 9. e4 dxe4 10. Nxe4 Bb7 11. Rd1 Nxe4 12. Qxe4 Nf6 13. Qe2 Qc7 14. Bf4 Bd6 15. Ne5 Rfd8 16. b4 Nd7 17. c5 bxc5 18. bxc5 Bxe5 19. Bxe5 Nxe5 20. Qxe5 Rd7 21. Rab1 Rad8 22. Qxc7 Rxc7 23. Rb4 Kf8 24. Ra4 Ba8 25. Rb1 Ke7 26. f4 h5 27. Kf2 g6 28. Ke3 Kf6 29. Rab4 Rdd7 30. R1b3 Ke7 31. Rb8 Rd8 32. Bf1 Rxb8 33. Rxb8 Bb7 34. Kd2 Bc8 35. Kc3 Kd7 36. Ra8 Rb7 37. Ba6 Kc7 38. Kd3 f5 39. Kc3 Rb8 40. Rxa7+ Bb7 41. a4 Kc8 42. Bc4 Kc7 43. a5 Ra8 44. Rxa8 Bxa8 45. a6 1-0

[Event "Lisbon Portugal op"]
[Site "Lisbon"]
[Date "2018.02.03"]
[Round "1"]
[White "Fernandez Lledo, Javier"]
[Black "Santos, Ruben Jose Melo"]
[Result "1-0"]
[WhiteElo "2207"]
[BlackElo "1669"]
[PlyCount "45"]
[EventDate "2018.02.03"]
[EventType "swiss"]
[EventRounds "9"]
[EventCountry "POR"]
[SourceTitle "EXT 2019"]
[Source "ChessBase"]
[SourceDate "2018.10.10"]
[SourceVersion "1"]
[SourceVersionDate "2018.10.10"]
[SourceQuality "1"]

1. e4 e6 2. d4 d5 3. Nc3 Bb4 4. e5 c5 5. a3 Bxc3+ 6. bxc3 c4 7. Qg4 g6 8. h4 h5 9. Qg3 Ne7 10. Bg5 Bd7 11. Bf6 Rh7 12. Nh3 Nf5 13. Qf4 Qa5 14. Qd2 Ba4 15. Ng5 Rh6 16. g3 Nd7 17. Bh3 Nxf6 18. exf6 Bxc2 19. Qxc2 Nxd4 20. Qb2 Nb3 21. 0-0 Qd8 22. Rae1 Nc5 23. Qb5+ 1-0

[Event "POR-ch U18"]
[Site "Luso"]
[Date "2016.07.21"]
[Round "2"]
[White "Santos, Ruben Jose Melo"]
[Black "Carreira, Jose Cortez"]
[Result "1-0"]
[WhiteElo "1482"]
[BlackElo "1298"]
[PlyCount "49"]
[EventDate "2016.07.20"]
[EventType "swiss"]
[EventRounds "7"]
[EventCountry "POR"]
[SourceTitle "EXT 2018"]
[Source "ChessBase"]
[SourceDate "2017.10.13"]
[SourceVersion "1"]
[SourceVersionDate "2017.10.13"]
[SourceQuality "1"]

1. d4 Nf6 2. c4 e5 3. dxe5 Ng4 4. Nf3 Bc5 5. e3 Nc6 6. Be2 Ngxe5 7. 0-0 d6 8. b3 Be6 9. Nc3 0-0 10. Bb2 Qd7 11. Na4 f6 12. Nxc5 dxc5 13. Nxe5 Nxe5 14. Bxe5 fxe5 15. Qxd7 Bxd7 16. Bf3 Rab8 17. Rfd1 Be6 18. Bd5 Rfe8 19. Bxe6+ Rxe6 20. Rd7 c6 21. Rad1 Ree8 22. Rc7 Red8 23. Rdd7 b5 24. Rxg7+ Kf8 25. g3 1-0